La Province de Liège en images - Statistiques

Statistiques générales
  • Ce quiz a été pris 59 fois
  • Le résultat moyen est 12 sur 16
Statistiques - réponses
Par images Hint Réponse % Correct
Ville Liège
100%
Club de football Standard de Liège
95%
Bière Jupiler
93%
Spécialité Boulet liégeois
91%
Sportif Axel Witsel
88%
Spécialité Sirop de Liège
88%
Lieu Circuit de Spa Francorchamps
86%
Marque Chaudfontaine
84%
Sportive Justine Henin
77%
Région (Hautes) Fagnes
75%
Festival de musique Francofolies de Spa
73%
Roi Charlemagne
64%
Réalisateurs Frères Dardenne
57%
Sportif Philippe Gilbert
52%
Acteur / Réalisateur Bouli Lanners
46%
Personnage de fiction Commissaire Maigret
38%
Aucun quiz correspondant
Distribution des résultats
% des personnes avec chaque résultat
Percentile par nombre de réponses
Votre historique - résultats
Vous n’avez pas pris ce quiz